000 00438nam a2200157 a 4500
005 20140310183203.0
008 030124s19uu xx 00 eng d
050 _aPZ 3
_b.H268 1960
100 _aHardy, Thomas
245 _aFar from the madding crowd /
_cThomas Hardy.
260 _aUSA :
_bThe new American library of literture Inc.,
_c1960.
300 _a382 p. :
_c18 cm.
650 _aFiction
942 _cBK
_2lcc
999 _c19909
_d19909